| 000 | 00558nam a22001937a 4500 | ||
|---|---|---|---|
| 003 | OSt | ||
| 005 | 20251120163413.0 | ||
| 008 | 251120b |||||||| |||| 00| 0 eng d | ||
| 020 | _a971-23-3021-4. | ||
| 040 |
_aDWCL-Main lib _cOC |
||
| 082 |
_22001 ed. _aFil. 338.73 D278 2001 |
||
| 100 | _aHector S. DE Leon | ||
| 245 |
_aprivate corporation 2001 ed./ _cHector S. DE Leon |
||
| 260 |
_aManila : _bRex Book Store, _c2001. |
||
| 300 |
_axxvi, 526 p. ; _c22 cm. |
||
| 650 | _aCorporations. | ||
| 650 | _aPartnership. | ||
| 942 |
_2ddc _cBK - FIL _e2001 ed. _kFil _n0 |
||
| 999 |
_c5918 _d5918 |
||